Top Countries by Population Loss Since Peak - Statistics

General Stats
  • This quiz has been taken 39 times
  • The average score is 12 of 18
Answer Stats
Estimated Population Loss Since Peak Country Estimated Population Loss Since Peak (%) % Correct
-5,074,029 Japan -3.958%
92%
-5,432,090 Russia -3.635%
88%
-13,396,696 Ukraine -25.591%
88%
-10,264,752 China -0.72%
84%
-1,242,322 Belarus -12.131%
72%
-2,270,162 Bulgaria -25.264%
72%
-1,183,260 Greece -10.636%
72%
-1,062,067 Hungary -9.93%
68%
-870,601 Lithuania -23.521%
68%
-1,459,583 Moldova -32.751%
68%
-810,844 Latvia -30.428%
64%
-4,036,311 Romania -17.589%
64%
-1,195,208 Serbia -15.157%
64%
-1,317,674 Bosnia and Herzegovina -29.555%
60%
-986,265 Croatia -20.398%
60%
-1,513,383 Italy -2.495%
60%
-2,868,347 Ireland -35.086%
48%
-1,693,547 Georgia -30.79%
44%
No matching quizzes found
Score Distribution
Percent of People with Each Score
Percentile by Number Answered
Your Score History
You have not taken this quiz